Organizačné modely, účel a ciele štátneho ekonomického poľnohospodárskeho výskumu

Informácie o panelovej diskusii (Rím 2014) o obsahovom zameraní a cieľoch ekonomického výskumu v odvetví poľnohospodárstva, organizačnom členení a formách financovania výskumných inštitúcií. Zástupcovia výskumných ústavov a inštitúcií z Holandska, Írska, Nemecka, Slovenska, Španielska, Rakúska a Tal...

Descripción completa

Guardado en:
Detalles Bibliográficos
Autor principal: Masár, Ivan
Formato: Capítulo de libro
Lenguaje:eslovaco
Materias:
Etiquetas: Agregar Etiqueta
Sin Etiquetas, Sea el primero en etiquetar este registro!

MARC

LEADER 00000nla a2200000 4500
001 0206284
005 20240417075100.2
041 0 |a slo 
044 |a SK 
245 1 0 |a Organizačné modely, účel a ciele štátneho ekonomického poľnohospodárskeho výskumu  |c Ivan Masár 
520 |a Informácie o panelovej diskusii (Rím 2014) o obsahovom zameraní a cieľoch ekonomického výskumu v odvetví poľnohospodárstva, organizačnom členení a formách financovania výskumných inštitúcií. Zástupcovia výskumných ústavov a inštitúcií z Holandska, Írska, Nemecka, Slovenska, Španielska, Rakúska a Talianska diskutovali o postavení štátneho ekonomického poľnohospodárskeho výskumu, o výzvach, ktorým čelí, o spôsoboch šírenia výsledkov výskumu a ich využití pre poľnohospodárov a štátnu správu. 
610 2 0 |a poľnohospodárstvo 
610 2 0 |a výskum 
100 1 |a Masár, Ivan